000 00509nam a2200205Ia 4500
003 OSt
005 20230403094553.0
008 210423s2009 xx 000 0 und d
020 _a8125910840
040 _cAL
041 _aeng
082 _a658.1511
_223
_bPAUS
100 _aPAUL (S Kr).
_982130
245 _aManagement accounting.
260 _aNew Delhi
_bNew Central Book Agency
_c2009
300 _axxii,1296
_bPB
365 _b435
_cINR
906 _aaccounting. ; Management
942 _2ddc
_cBK
999 _c156799
_d156799